Qualitiative Research & Evaluation Methods (Record no. 349398)
[ view plain ]
| 000 -LEADER | |
|---|---|
| fixed length control field | 00400nam a22001577a 4500 |
| 003 - CONTROL NUMBER IDENTIFIER | |
| control field | OSt |
| 005 - DATE AND TIME OF LATEST TRANSACTION | |
| control field | 20180116182948.0 |
| 008 - FIXED-LENGTH DATA ELEMENTS--GENERAL INFORMATION | |
| fixed length control field | 131008b xxu||||| |||| 00| 0 eng d |
| 040 ## - CATALOGING SOURCE | |
| Transcribing agency | 0 |
| 082 ## - DEWEY DECIMAL CLASSIFICATION NUMBER | |
| Edition number | 3rd |
| Classification number | 300.723 PAT 2001 |
| 100 ## - MAIN ENTRY--PERSONAL NAME | |
| Personal name | Michalael Quinn Patton |
| 245 ## - TITLE STATEMENT | |
| Title | Qualitiative Research & Evaluation Methods |
| Statement of responsibility, etc. | Michalael Quinn Patton |
| 260 ## - PUBLICATION, DISTRIBUTION, ETC. | |
| Date of publication, distribution, etc. | 2011 |
| 300 ## - PHYSICAL DESCRIPTION | |
| Extent | 127p. |
| 942 ## - ADDED ENTRY ELEMENTS (KOHA) | |
| Source of classification or shelving scheme | |
| Koha item type | Book |
| Withdrawn status | Lost status | Source of classification or shelving scheme | Damaged status | Not for loan | Collection code | Permanent Location | Current Location | Shelving location | Date acquired | Total Checkouts | Full call number | Barcode | Date last seen | Date last checked out | Price effective from | Koha item type |
|---|---|---|---|---|---|---|---|---|---|---|---|---|---|---|---|---|
| Central Library (CL) | Central Library (CL) | General Stacks | 10/08/2013 | 1 | 300.723 PAT 2001 | NBSPS-41 | 11/09/2013 | 10/09/2013 | 10/08/2013 | Book | ||||||
| Central Library (CL) | Central Library (CL) | General Stacks | 10/08/2013 | 1 | 300.723 PAT 2001 | NBSPS-42 | 10/08/2013 | 10/08/2013 | 10/08/2013 | Book | ||||||
| Central Library (CL) | Central Library (CL) | General Stacks | 10/08/2013 | 300.723 PAT 2001 | NBSPS-43 | 10/08/2013 | 10/08/2013 | Book | ||||||||
| Central Library (CL) | Central Library (CL) | General Stacks | 10/08/2013 | 300.723 PAT 2001 | NBSPS-44 | 10/08/2013 | 10/08/2013 | Book | ||||||||
| Central Library (CL) | Central Library (CL) | General Stacks | 10/08/2013 | 300.723 PAT 2001 | NBSPS-45 | 10/08/2013 | 10/08/2013 | Book |
